000 00461pab a2200181 454500
008 180718b1997 xxu||||| |||| 00| 0 eng d
100 _aGarg, Dixit
245 _aAttributes for JIT purchasing and supplier evaluation - a survey
260 _c1997
300 _ap.322-33
362 _aJul-Sep
650 _aManagement
650 _aManufacturing industry
700 _aKaul, O.N.
700 _aDeshmukh, S.G.
773 _aProductivity
909 _a36701
999 _c36701
_d36701